000
00247nam a2200097Ia 4500
005
20251222113741.0
008
251222s1900||||xx |||||||||||||| ||spa||
082
_a
DVD0070/S82/1994
245
0
_a
Asesinos por naturaleza:Natural Born Killers
942
_c
DVD
999
_c
616
_d
616